Normal view
MARC view
Entry Personal Name
001 - CONTROL NUMBER
- control field: 84868
003 - CONTROL NUMBER IDENTIFIER
- control field: dpl
005 - DATE AND TIME OF LATEST TRANSACTION
- control field: 20250908113209.0
008 - FIXED-LENGTH DATA ELEMENTS
- fixed length control field: 250908|| aca||aabn | a|a d
040 ## - CATALOGING SOURCE
- Original cataloging agency: dpl
- Transcribing agency: dpl
100 ## - HEADING--PERSONAL NAME
- Personal name: Reddy, Konala Shaktiraja
670 ## - SOURCE DATA FOUND
- Source citation: Work cat.: (dpl)213365: Religious Tolerance & Aurangzeb/, 2021
